000 00995nam a2200313Ia 4500
003 OSt
005 20220912151223.0
006 a|||||r|||| 00| 0
007 ta
008 220909b |||||||| |||| 00| 0 eng d
020 _a8175961066 (pbk)
024 _a13388
037 _bIN-00139, 03/02/2005, N R Book Distributors
037 _cTextbook
040 _aCSL
_beng
_cCSL
041 _aeng
082 _aK:3, M3;N7;1-;2 TK
100 _aSchmidt-Nielsen Knut
245 0 _aAnimal physiology: Adaptation and environment
250 _a5
260 _aCambridge
_bCambridge University Press
_c1997
300 _avii, 612p.
_ccm.
500 _aIncludes bibliographical references; Appendix A-E, 581-594p.
_ccm.; Index 595-612p.
_ccm.
650 _a Animal physiology
650 _a Physiology
650 _aZoology
942 _hK:3, M3;N7;1-;2 TK
_cTB
_2CC
999 _c63921
_d63921